| 000 | 01039nam a2200277 i 4500 | ||
|---|---|---|---|
| 001 | 54705 | ||
| 003 | ES-MaACL | ||
| 005 | 20250720091902.0 | ||
| 007 | t| | ||
| 008 | 040112s2002 sp d |||| | spa d | ||
| 020 | _a84-9740-018-6 | ||
| 080 | _a821.134.2.09"12/14"(038) | ||
| 100 | 1 |
_aAlvar, Carlos. _920579 |
|
| 245 | 1 | 0 |
_aDiccionario filológico de literatura medieval española _b: textos y transmisión / _cCarlos Alvar, José Manuel Lucía Megías. |
| 260 |
_aMadrid : _bCastalia, _c2002. |
||
| 300 |
_aXXX, 1178 p. ; _c26 cm. |
||
| 490 | 1 |
_aNueva biblioteca de erudición y crítica ; _v21 |
|
| 500 | _aÍndices. | ||
| 504 | _aBibliografía: p. XXVI-XXX. | ||
| 650 | 1 | 4 |
_aLiteratura española- _yHasta S.XV- _xCrítica textual- _vDiccionarios. _9162603 |
| 650 | 4 |
_aManuscritos españoles- _vCatálogos colectivos. _9162604 |
|
| 700 | 1 |
_aLucía Megías, José Manuel, _d1967- _9240291 |
|
| 830 | 0 |
_aNueva biblioteca de erudición y crítica ; _v21 _9180432 |
|
| 852 |
_aES-MaACL _jL-26752 |
||
| 999 |
_c54705 _d54705 |
||